| 000 | 00890nam0a2200241 4500 | ||
|---|---|---|---|
| 001 | RU\NLR\BIBL_A\011608758 | ||
| 005 | 20250626100116.0 | ||
| 035 | _a(NLR Aleph) 011608758 | ||
| 090 |
_a13415501 _c13415501 |
||
| 100 | _a20180129d1973 |||y0rusy50 ca | ||
| 101 | 0 | _aaze | |
| 102 | _aAZ | ||
| 105 | _ay z 000 y | ||
| 200 | 1 |
_aСов. ИКП XXIV гурултаjы jени инсанын jетишдирилмәси һаггында _fФ. Көчәрли _gАзәрб.ССР Е.А. Фәлсәфә вә Һүгуг ин-ту |
|
| 210 |
_aБакы _cЕлм _d1973 |
||
| 215 |
_a63,[2] с. _d20 |
||
| 541 | 1 | _aXXIV съезд КПСС о формировании нового человека | |
| 700 | 1 |
_aКөчәрли _bФ. _gФиридун _4070 |
|
| 790 | 1 |
_aКочарли _bФ. _gФиридун _4070 |
|
| 852 |
_aNLR _bОНЛ _jАзерб./2-16247 |
||
| 942 | _cBOOK | ||
| 980 | _aNB | ||